000 01575nam a2200373 i 4500
003 DO-SdBNP
005 20250611121345.0
007 ta
008 250402b2024 dr ||||| |||| 00| 0 spa d
020 _a9789993450191
040 _aDO-SdBNP
_bspa
_cBNPHU
_erda
082 4 _a305.80097293
_bZ21i 2024
_222
100 1 _aZáiter Mejía, Alba Josefina,
_eautor
_4aut.
_92002
245 1 3 _aLa identidad social y nacional en dominicana :
_bun análisis psico-social /
_cAlba Josefina Záiter Mejía ; edición y corrección, Aimara Vera ; prólogo, José R. Torregrosa Peris
264 4 _aSanto Domingo :
_bFLACSO,
_c©2024.
300 _a249 páginas ;
_c25 cm.
336 _atexto
_btxt
_2rdacontent
337 _asin mediación
_bn
_2rdamedia
338 _avolumen
_bnc
_2rdacarrier
500 _aIncluye referencias bibliográficas y notas al pie de las páginas.
504 _aBibliografía : páginas 237-245
590 _aInventariado, 2024/BT
650 4 _aIdentidad nacional
_zRepública Dominicana
_934479
650 0 _aPsicología social
_91574
650 4 _aNacionalismo y cultura
_922911
_2
650 4 _aCaracterísticas nacionales
_zRepública Dominicana.
_977563
650 4 _aIdentidad cultural
_z República Dominicana.
_91946
651 4 _aRepública Dominicana
_xCaracterísticas nacionales
_91720
651 4 _aRepública Dominicana
_xCondiciones sociales
_946
700 1 _aVera, Amaira,
_eeditor y corrector
_4ed. y corr.
_987309
700 1 _aTorregrosa Peris, José R.,
_eprologuista
_4pr.
_953481
910 _aBtavárez
942 _2ddc
_cLBS1
999 _c58573
_d58573